000 00554cam a2200205ua 4500
001 1348
005 20260515113324.0
008 150811n ii |||gr||||Z||||||eng
020 _a81-7033-343-1
040 _cMAIN
041 _aeng
082 _a301
100 _aCoser, Lewis A.,
245 _aMasters Of Sociologycal Thought :
_bideas in Historical and Socioal Context /
_cBy Lewis A. Coser
250 _a2nd.
260 _aJaipur:
_bRawat Publications,
_c2004.
_aNew Delhi:
300 _axxv; 611p:
_c23cm.
653 _aSociology
942 _cBK
999 _c1246
_d1246